U.S. States with the Most Disconnected Youths - Statistics

General Stats
  • This quiz has been taken 201 times
  • The average score is 7 of 10
Answer Stats
% State % Correct
14.5 Mississippi
84%
15.0 Arkansas
80%
17.5 Louisiana
77%
17.9 Alaska
75%
17.3 West Virginia
75%
14.2 Oklahoma
74%
16.4 New Mexico
73%
14.3 Kentucky
70%
14.3 Nevada
60%
14.3 Delaware
39%
No matching quizzes found
Score Distribution
Percent of People with Each Score
Percentile by Number Answered
Your Score History
You have not taken this quiz